Những di sản văn hóa phi vật thể đại diện của nhân loại tại Việt Nam
Những di sản văn hóa phi vật thể đại diện của nhân loại tại Việt Nam bao gồm: Nhã nhạc cung đình Huế, không gian văn hóa cồng chiêng Tây Nguyên, hát xoan Phú Thọ, ca trù...
Gespeichert in:
| Weitere Verfasser: | |
|---|---|
| Format: | Buch |
| Sprache: | Vietnamese |
| Veröffentlicht: |
H.
Hồng Đức ; Công ty Cổ phần Tri thức Văn hóa Sách Việt Nam
2024
|
| Schlagworte: | |
| Tags: |
Tag hinzufügen
Keine Tags, Fügen Sie den ersten Tag hinzu!
|
| Thư viện lưu trữ: | Thư viện Trường Đại học Nam Cần Thơ |
|---|
| LEADER | 01158nam a22001937a 4500 | ||
|---|---|---|---|
| 001 | NCT_4_019029 | ||
| 008 | 250512b xxu||||| |||| 00| 0 vie d | ||
| 999 | |c 8923 |d 8923 | ||
| 020 | |a 9786043281408 |c 90000 | ||
| 082 | 0 | 4 | |2 23rd ed. |a 390.09597 |b Nh556D |
| 245 | 0 | 0 | |a Những di sản văn hóa phi vật thể đại diện của nhân loại tại Việt Nam |c Nguyễn Văn Tân (Biên soạn) |
| 260 | |a H. |b Hồng Đức ; Công ty Cổ phần Tri thức Văn hóa Sách Việt Nam |c 2024 | ||
| 300 | |a 178 tr. |c 21cm | ||
| 520 | 3 | |a Những di sản văn hóa phi vật thể đại diện của nhân loại tại Việt Nam bao gồm: Nhã nhạc cung đình Huế, không gian văn hóa cồng chiêng Tây Nguyên, hát xoan Phú Thọ, ca trù... | |
| 653 | |a Quản trị DV du lịch & lữ hành | ||
| 700 | 1 | |a Nguyễn Văn Tân |e Biên soạn | |
| 942 | |2 ddc |c BK | ||
| 952 | |0 0 |1 0 |2 ddc |4 0 |6 390_095970000000000_NH556D |7 0 |9 30629 |a 000001 |b 000001 |d 2025-05-12 |o 390.09597 Nh556D |p MD.23720 |r 2025-05-12 |v 90000.00 |w 2025-05-12 |y BK | ||
| 980 | |a Thư viện Trường Đại học Nam Cần Thơ | ||


